000 00360nam a2200133Ia 4500
008 100328s9999 xx 000 0 und d
082 _b60280
100 _aपुरोहित प्रभा
245 _aमोठं घर.
260 _bगं्रथाली.
630 _aमोठं घर.
730 _aमोठं घर.
942 _cBOOK
999 _c546442
_d546439